000 00471nam a2200169Ia 4500
003 GCL
008 140319s9999 xx 000 0 eng d
040 _aGCL /
_cGCL
082 0 4 _a796.83092
_bG M
100 1 _aGORN, ELLIOTT J
245 1 0 _aMUHAMMED ALI: THE PEOPLES CHAMPS /
_cGORN, ELLIOTT J
260 _a[S.N] :
_bUNIVERSITY OF ILLINOIS PRESS ،
_c1995
300 _a200 P
650 0 4 _aMUHAMMED ALI
650 0 4 _aBOXERS ( SPORTS ) UNITED STATS
942 _2ddc
_cBK
999 _c13282
_d13282